SCHAUM'S OUTLINE OF THEORY AND PROBLEMS OF GRAPH THEORY (Record no. 5461)

MARC details
000 -LEADER
fixed length control field 00397nam a22001457a 4500
005 - DATE AND TIME OF LATEST TRANSACTION
control field 20170530114727.0
008 - FIXED-LENGTH DATA ELEMENTS--GENERAL INFORMATION
fixed length control field 170530b xxu||||| |||| 00| 0 eng d
020 ## - INTERNATIONAL STANDARD BOOK NUMBER
ISBN 978-0-07-058718-2
041 ## - LANGUAGE CODE
Language code of text/sound track or separate title eng
100 ## - MAIN ENTRY--AUTHOR NAME
Personal name BALAKRISHNAN, V.K.
245 ## - TITLE STATEMENT
Title SCHAUM'S OUTLINE OF THEORY AND PROBLEMS OF GRAPH THEORY
260 ## - PUBLICATION, DISTRIBUTION, ETC. (IMPRINT)
Place of publication NEW DELHI
Name of publisher MC GRAW HILL EDUCATION
Year of publication 1997
300 ## - PHYSICAL DESCRIPTION
Number of Pages 293
942 ## - ADDED ENTRY ELEMENTS (KOHA)
Koha item type Books
Holdings
Lost status Damaged status Collection code Home library Current library Shelving location Date acquired Source of acquisition Cost, normal purchase price Accession Number Koha item type
    CS/IT JRU Library JRU Library SHELF-57-D 30/05/2017 PURCHESS 695.00 21806 Books
    Reference JRU Library   SHELF-28-E 30/05/2017 PURCHESS 695.00 21807 Books